000 01123cam a22002774a 4500
999 _c10396
_d10396
003 OSt
005 20220316190825.0
008 060126s2006 sz a b 001 0 eng
020 _a9783764374815
041 1 _aeng
_hdut
042 _apcc
082 0 0 _a635.9/7749
_222
100 1 _aOprins, Jan.
240 1 0 _aBambuseae.
_lEnglish
245 1 0 _aBamboo :
_ba material for landscape and garden design /
_cJan Oprins, Harry van Trier ; photographs, Hugo Maertens.
250 _aEnglish ed.
260 _aBasel ;
_aBoston :
_bBirkhäuser,
_cc2006.
300 _a143 p. :
_bill. (chiefly col.) ;
_c34 cm.
500 _a"Originally published in 2004 under the title 'Bambuseae' by Stichting Kunstboek bvba"--Colophon.
504 _aIncludes bibliographical references (p. [136]) and index.
505 0 0 _tPreface /
_rJan Oprins --
_tThe plant kingdom /
_rHarry van Trier --
_tPropagation /
_rJohan Gielis --
_tBamboo and its environmental benefits /
_rSusanne Lucas --
_tBamboo in our world /
_rHarry van Trier --
_tApplications.
650 0 _aBamboo.
700 1 _aTrier, Harry van.
700 1 _aMaertens, Hugo.
942 _2ddc